Návrh systému a výberu zamestnancov v podniku MENERT, spol. s r.o. Šaľa : Diplomová práca

Na minha lista:
Detalhes bibliográficos
Autor principal: Zigmanová, Lenka (Author)
Outros Autores: Cagáňová, Dagmar (xxx)
Formato: Manuscrito Livro
Idioma:eslovaco
Publicado em: Trnava : STU v Bratislave MtF KPIM, 2006
Assuntos:
Tags: Adicionar Tag
Sem tags, seja o primeiro a adicionar uma tag!

MARC

LEADER 00000ntm a22000003a 4500
001 stu132498
005 20160719155543.8
008 061218s2006----xo------------------slo-d
040 |a STU  |b slo 
041 0 |a slo 
044 |a xo 
100 1 |a Zigmanová, Lenka  |4 aut 
245 1 |a Návrh systému a výberu zamestnancov v podniku MENERT, spol. s r.o. Šaľa :  |b Diplomová práca 
260 |a Trnava :  |b STU v Bratislave MtF KPIM,  |c 2006 
300 |a 75 s  |c príl., 1 CD-ROM 
650 7 |a priemyselné inžinierstvo a manažment  |2 stusub 
650 7 |a personalistika  |2 stusub 
700 1 |a Cagáňová, Dagmar  |4 xxx  |u M330  |U MTF Ústav inžinierskej pedagogiky a humatitných vied  |T MTF Katedra odbornej jazykovej prípravy  |U M330  |Y M330 
996 |b 284M075420  |c M*DP-6494  |l MMSKP  |s P  |a 0  |w stu132498_0001